Etimología de las pasiones
Estudio de alcance multidisciplinar con elementos de análisis psicoanalítico, lingüístico y literario sobre el tema de las pasiones. Se indagan las raíces de palabras como “ira”, “amor”, “envidia”, “codicia”, “avaricia”, entre otras desde el latín, el griego y antiguas lenguas eslavas y germánicas c...
Salvato in:
| Autore principale: | |
|---|---|
| Natura: | Libro |
| Lingua: | Undetermined |
| Pubblicazione: |
Buenos Aires, Argentina
Libros del Zorzal
2006
|
| Soggetti: | |
| Tags: |
Aggiungi Tag
Nessun Tag, puoi essere il primo ad aggiungerne!!
|
MARC
| LEADER | 00000nam a2200000Ia 4500 | ||
|---|---|---|---|
| 008 | 170316s9999 xx 000 0 und d | ||
| 040 | |a cru BVZT | ||
| 090 | |a 100 B-72e | ||
| 100 | |a Bordelois, Ivonne |9 1966 | ||
| 245 | |a Etimología de las pasiones |c / Ivonne Bordelois | ||
| 260 | |a Buenos Aires, Argentina |b Libros del Zorzal |c 2006 | ||
| 300 | |a 197 p. | ||
| 520 | |a Estudio de alcance multidisciplinar con elementos de análisis psicoanalítico, lingüístico y literario sobre el tema de las pasiones. Se indagan las raíces de palabras como “ira”, “amor”, “envidia”, “codicia”, “avaricia”, entre otras desde el latín, el griego y antiguas lenguas eslavas y germánicas con el fin de ampliar las concepciones sobre diferentes pasiones y reconocer los límites y las transgresiones implantadas por la cultura contemporánea imperante | ||
| 650 | |a FILOSOFÍA |9 5 | ||
| 650 | |a ENSAYO ARGENTINO |9 1967 | ||
| 650 | |a EL LENGUAJE |9 312 | ||
| 650 | |a EL AMOR |9 1968 | ||
| 650 | |a LA PASIÓN |9 1969 | ||
| 650 | |a EL AMOR GRIEGO |9 1970 | ||
| 650 | |a LAS PASIONES OSCURAS : CODICIA Y AVARICIA - LA ENVIDIA - CELOS - TRISTEZA |9 1971 | ||
| 650 | |a LAS PASIONES CLARAS : ALEGRIA - FELICIDAD - ESPERANZA |9 1972 | ||
| 999 | |c 15809 |d 15809 | ||
| 942 | |c 15 D |h 100 B-72e |2 z | ||
